00785cam a22002291a 4500001001300000003000400013005001700017008004100034010001700075035002000092040001800112042001200130050001700142100001800159245006400177260004900241300002800290440003200318500004400350500011200394600004900506ca 24000701 DLC20260227111113.0840907s1924 ksuac 000 0beng  aca 24000701  a(OCoLC)11130609 aDLCcKPTdDLC apremarc00aZ473.H15bG91 aGunn, John W.00aE. Haldeman-Julius :bthe man and his work /cJohn W. Gunn. aGirard, Kan. :bHaldeman-Julius Co.,cc1924. a64 p. :bill. ;c13 cm. 0aLittle blue book ;vno. 678 aPages 61-64 contain advertising matter. aPublished 10 June 1924; copies deposited at Library of Congress 13 June 1924; copyright renewed 5 May 1952.20aHaldeman-Julius, E.q (Emanuel),d1889-1951.